Clubs de Ligue 1 à National 3 2024-2025 - Statistiques

Statistiques générales
  • Ce quiz a été pris 716 fois
    568 depuis la dernière actualisation
  • Le résultat moyen est 99 sur 242
Statistiques - réponses
Ligue 1 % Correct
Olympique de Marseille
97%
Olympique de Marseille (Réserve)
97%
Paris Saint-Germain
97%
Olympique lyonnais
96%
Olympique lyonnais (Réserve)
96%
LOSC Lille
95%
LOSC Lille (Réserve)
95%
RC Lens
95%
RC Lens (Réserve)
95%
Stade rennais FC
94%
Stade rennais FC (Réserve)
94%
AS Saint-Étienne
93%
AS Saint-Étienne (Réserve)
93%
FC Nantes
93%
FC Nantes (Réserve)
93%
AJ Auxerre
92%
AJ Auxerroise (Réserve)
92%
AS Monaco
92%
Montpellier HSC
92%
Montpellier HSC (Réserve)
92%
OGC Nice
92%
Stade Brestois 29
92%
Toulouse FC
92%
Toulouse FC (Réserve)
92%
RC Strasbourg
91%
RC Strasbourg (Réserve)
91%
Stade de Reims
91%
Stade de Reims (Réserve)
91%
Paris FC
90%
Angers SCO
89%
Angers SCO (Réserve)
89%
FC Metz
89%
FC Metz (Réserve)
89%
Girondins de Bordeaux
89%
Girondins de Bordeaux (Réserve)
89%
Stade bordelais
89%
Le Havre AC
88%
FC Lorient
87%
FC Lorient (Réserve)
87%
Clermont Foot Auvergne 63
82%
Clermont Foot Auvergne 63 (Réserve)
82%
SC Bastia
82%
SC Bastia (Réserve)
82%
AC Ajaccio
81%
AC Ajaccio (Réserve)
81%
AG Caen
81%
ASPTT Caen
81%
SM Caen
81%
SM Caen (Réserve)
81%
USL Dunkerque
81%
EA Guingamp
79%
EA Guingamp (Réserve)
79%
Amiens SC
78%
AS Nancy-Lorraine
78%
Red Star FC
78%
FC Rouen 1899
77%
Pau FC
76%
Pau FC (Réserve)
76%
Grenoble Foot 38
75%
ASPTT Dijon
73%
Dijon FCO
73%
Dijon FCO (Réserve)
73%
ES Troyes AC
73%
ES Troyes AC (Réserve)
73%
Nîmes Olympique
73%
FC Annecy
72%
FC Martigues
71%
Rodez AF
70%
FC Sochaux-Montbéliard
68%
FC Sochaux-Montbéliard (Réserve)
68%
Le Mans FC
68%
US Orléans
67%
US Orléans (Réserve)
67%
Valenciennes FC
67%
Valenciennes FC (Réserve)
67%
Stade lavallois
64%
Stade lavallois (Réserve)
64%
Villefranche SJB FC
63%
US Boulogne CO
62%
AS Cannes
60%
LB Châteauroux
58%
LB Châteauroux (Réserve)
58%
FC Versailles 78
57%
SC Toulon
57%
US Quevilly-Rouen Métropole
57%
US Concarneau
56%
FC Ouest Tourangeau
53%
Paris 13 Atletico
50%
La Roche VF
49%
US Saint-Malo
48%
Aubagne FC
47%
Vannes OC
46%
Bourg-en-Bresse 01
45%
FC Villefranche Beaujolais
44%
SR Colmar
44%
RC Calais
43%
Stade briochin
43%
Thonon Évian GG FC
43%
GOAL FC (Grand Ouest Association Lyonnaise)
42%
US Avranches
42%
Bergerac Périgord FC
40%
SAS Épinal
40%
Aviron bayonnais
39%
US Créteil Lusitanos
39%
Le Puy Foot 43 Auvergne
38%
Bourges Foot 18
37%
Les Herbiers VF
37%
Stade Poitevin FC
37%
Angoulême Charente FC
35%
Besançon Football
35%
Racing Besançon
35%
AS Beauvais Oise
34%
Hyères FC
33%
ÉTC Fréjus Saint-Raphaël
32%
AS Saint-Priest
31%
Chambéry SF
31%
FC Chambly Oise
31%
Football Club 93
31%
US Thionville-Lusitanos
31%
Blois Football 41
30%
FC Fleury 91
29%
US Granville
29%
C' Chartres Football
28%
RC Pays de Grasse
28%
FC Gueugnon
27%
Marignane GCB FC
27%
Olympique de Saumur
27%
Sud FC
27%
Andrézieux-Bouthéon FC
26%
FC dieppois
26%
Jura Sud Foot
26%
UF Mâconnais
26%
FC Borgo
25%
FR Haguenau
25%
Olympique d'Alès
25%
ASM Belfort FC
24%
Dinan Léhon FC
24%
FCM Aubervilliers
23%
Voltigeurs de Châteaubriand
23%
FC Saint-Lô Manche
22%
Wasquehal Football
21%
US alençonnaise
20%
JA Drancy
19%
Les Genêts d'Anglet
19%
FC Bourgoin-Jallieu
18%
GSI Pontivy
18%
Jura Dolois Football
18%
USC Corte
18%
US Ivry
18%
Vendée Poiré Football
18%
AS Furiani-Agliani
17%
AS Vitré
17%
FC Libourne
17%
GFA Rumilly Vallières
17%
Olympique Charleville PAM
17%
Olympique Saint-Quentin
17%
Racing CFF
17%
US Sarre-Union
17%
Vierzon FC
17%
Lannion FC
16%
Moulins-Yzeure Foot
16%
SC Locminé
16%
Trélissac FC
16%
US Colomiers
16%
AF Virois
15%
AS Villers-Houlgate
15%
CA Pontarlier
15%
FC Espaly
15%
Lyon-La-Duchère
15%
Saint-Pryvé Saint-Hilaire FC
15%
SU Dives-Cabourg
15%
US Raon l'Étape
15%
FC Bassin Arcachon
14%
IC Croix
14%
Louhans-Cuiseaux FC
14%
Stade plabennécois
14%
ASC Biesheim
13%
ES Thaon
13%
FC Balagne
13%
Sarreguemines FC
13%
SO Romorantin
13%
US Chantilly
13%
RCO Agde
12%
Entente Feignies Aulnoye FC
11%
Entente SSG
11%
Hauts Lyonnais
11%
Istres FC
11%
OC Cesson
11%
Sablé FC
11%
SO Châtellerault
11%
TA Rennes
11%
US Fougères
11%
US Lusitanos Saint-Maur
11%
ES Fosséenne
10%
FC Limonest DSD
10%
Saint-Pierre Milizac
10%
SFC Neuilly-sur-Marne
10%
US Pays de Cassel
10%
US Torcy PVM
10%
AS Saint-Ouen-l'Aumône
9%
CMS Oissel
9%
FC Albères Argelès
9%
FC Challans
9%
FC Chamalières
9%
FC Flers
9%
FC Montceau Bourgogne
9%
Stade Beaucairois 30
9%
Canet Roussillon FC
8%
CS Brétigny
8%
FC Chauray
8%
PD Ergué-Gabéric
8%
USSA Vertou
8%
US Vimy
8%
AS Chatou
7%
Chassieu Décines FC
7%
ESOF La Roche-sur-Yon
7%
FC Montlouis
7%
FC Rousset SVO
7%
Grand-Quevilly FC
7%
US Castanéenne
7%
Vendée Fontenay Foot
7%
AS Seyssinet
6%
Avoine OCC
6%
Sainte-Geneviève FC
6%
US Chauvigny
6%
US Cosne
6%
US Lège-Cap-Ferret
6%
US Le Pays du Valois
6%
US Philibertine
6%
AS La Châtaigneraie
5%
Blagnac FC
5%
Entente UGA Ardziv
5%
ESA Linas-Montlhéry
5%
GC Lucciana
5%
US Châteauneuf-sur-Loire
5%
USS Aigues-Mortes
5%
Vineuil SF
4%
AS Panazol
3%
FCO Strasbourg Koenigshoffen
3%
ES Cannet-Rocheville
2%
ES Moulon Bourges
2%
Onet-le-Château Football
2%
Aucun quiz correspondant
Distribution des résultats
% des personnes avec chaque résultat
Percentile par nombre de réponses
Votre historique - résultats
Vous n’avez pas pris ce quiz depuis la dernière actualisation